Billie Eilish - idontwannabeyouanymore Lyrics - Statistics

General Stats
  • This quiz has been taken 209 times
    41 since last reset
  • The average score is 164 of 180
Answer Stats
Answer % Correct
a
100%
"A
100%
anymore
100%
be
100%
could
100%
Don't
100%
don't
100%
honest?
100%
I
100%
"I
100%
If
100%
if
100%
it
100%
love
100%
promise
100%
that
100%
the
100%
wanna
100%
was
100%
Was
100%
would
100%
you
100%
you"
100%
you're
100%
bottled
96%
break
96%
by
96%
know
96%
models
96%
pools
96%
swimming
96%
teardrops
96%
tell
96%
Tell
96%
way
96%
what
96%
before
92%
day
92%
filled
92%
just
92%
say
92%
twice
92%
wish
92%
apart
88%
fall
88%
feel
88%
heard
88%
mirror
88%
there'd
88%
dress
85%
is
85%
makes
85%
she's
85%
tight
85%
Told
85%
whore"
85%
but
81%
never
81%
Show
81%
well
81%
too
77%
sell
73%
mood
69%
broken
62%
Got
62%
made
62%
can't
58%
feeling
58%
from
58%
getting
58%
mold?
58%
old
58%
cold
54%
Hands
54%
losing
54%
mistake
54%
Only
54%
every
50%
Hurt
50%
shake
50%
we've
50%
No matching quizzes found
Score Distribution
Percent of People with Each Score
Percentile by Number Answered
Your Score History
You have not taken this quiz since the last reset